Personnages de fiction en images - F - Statistiques

Statistiques générales
  • Ce quiz a été pris 58 450 fois
  • Le résultat moyen est 11 sur 20
Statistiques - réponses
Par images Réponse % Correct
Fiona
96%
Franklin
91%
Flash
90%
Forrest Gump
87%
Frodon Sacquet
68%
Falbala
66%
Flipper
62%
Fourchette
62%
Fantomas
59%
Fifi Brindacier
58%
François Pignon
43%
Fantasio
40%
Finn
40%
Fred Pierrafeu
39%
Faucon
32%
Felix le Chat
32%
Frozone
29%
Fantomette
24%
Fleur
23%
Fox Mulder
12%
Aucun quiz correspondant
Distribution des résultats
% des personnes avec chaque résultat
Percentile par nombre de réponses
Votre historique - résultats
Vous n’avez pas pris ce quiz